Maison de Game of Thrones (GOT) par blason - Statistiques

Statistiques générales
  • Ce quiz a été pris 222 fois
    221 depuis la dernière actualisation
  • Le résultat moyen est 11 sur 16
Statistiques - réponses
Par images Réponse % Correct
Lannister
99%
Stark
99%
Barathéon
97%
Targaryen
94%
Bolton
85%
Greyjoy
84%
Tully
84%
Tyrell
78%
Arryn
71%
Frey
71%
Martell
68%
Hightower
47%
Clegane
35%
Tarly
32%
Dayne
22%
Tarth
14%
Aucun quiz correspondant
Distribution des résultats
% des personnes avec chaque résultat
Percentile par nombre de réponses
Votre historique - résultats
Vous n’avez pas pris ce quiz depuis la dernière actualisation